Schellings Werke : nach der Originalausgabe in neuer Anordnung herausgegeben von Manfred Schroter
Αποθηκεύτηκε σε:
| Κύριος συγγραφέας: | |
|---|---|
| Άλλοι συγγραφείς: | |
| Μορφή: | Βιβλίο |
| Γλώσσα: | German |
| Δημοσίευση: |
Munchen :
C.H. Beck und R. Oldenbourg,
[1954-1959]
|
| Θέματα: | |
| Ετικέτες: |
Προσθήκη ετικέτας
Δεν υπάρχουν, Καταχωρήστε ετικέτα πρώτοι!
|
MARC
| LEADER | 00000cam a2200000 i 4500 | ||
|---|---|---|---|
| 001 | 1/39802 | ||
| 008 | 061222m19541959 ger d | ||
| 035 | |l 10086676 | ||
| 040 | |a GR-MY-UA |b gre |e aacr | ||
| 041 | 0 | |a ger | |
| 082 | 0 | |a 193 |2 (22) | |
| 100 | 1 | |a Schelling, Friedrich Wilhelm Joseph von, |d 1775-1854. | |
| 245 | 1 | 0 | |a Schellings Werke : |b nach der Originalausgabe in neuer Anordnung herausgegeben von Manfred Schroter / |c Friedrich Wilhelm Joseph von Schelling |
| 260 | |a Munchen : |b C.H. Beck und R. Oldenbourg, |c [1954-1959] | ||
| 300 | |a 6 τ.; |c 22 εκ. | ||
| 505 | 0 | |a Τ.1. Zur Naturphilosophie, 1792-1803. - τ.2. Zur Identitatsphilosophie, 1804. - τ.3. Zur Philosophie der Kunst, 1803-1817. - τ.4. Persοnliches, Nachlass, 1810-1850. - τ.5. Philosophie der Mythologie, 1842. - τ.6. Philosophie der Offenbarung, erstes und zweites Buch, 1858 | |
| 600 | 1 | 0 | |a Schelling, Friedrich Wilhelm Joseph von, |d 1775-1854. |
| 650 | 0 | 0 | |a Philosophy, German. |
| 700 | 1 | |a Schroter, Manfred, |d 1880-1973. |4 edt | |
| 740 | 0 | 2 | |a Zur Naturphilosophie, 1792-1803 |
| 740 | 0 | 2 | |a Zur Philosophie der Kunst, 1803-1817 |
| 740 | 0 | 2 | |a Zur Identitatsphilosophie, 1804 |
| 740 | 0 | 2 | |a Persοnliches, Nachlass, 1810-1850 |
| 740 | 0 | 2 | |a Philosophie der Mythologie, 1842 |
| 740 | 0 | 2 | |a Philosophie der Offenbarung, erstes und zweites Buch, 1858 |
| 852 | |a INST |b RHODES |c KRI |e 20061222 |h 193 SCH |p 005400020789 |q 005400020789 |t BK |v τ.3: |y 0 |z τ.3 | ||
| 852 | |a INST |b RHODES |c KRI |e 20061222 |h 193 SCH |p 005400020790 |q 005400020790 |t BK |v τ.5: |y 0 |z τ.5 | ||
| 852 | |a INST |b RHODES |c KRI |e 20061222 |h 193 SCH |p 005400020791 |q 005400020791 |t BK |v τ.6: |y 0 |z τ.6 | ||
| 852 | |a INST |b RHODES |c KRI |e 20061222 |h 193 SCH |p 005400020802 |q 005400020802 |t BK |v τ.1: |y 0 |z τ.1 | ||
| 852 | |a INST |b RHODES |c KRI |e 20061222 |h 193 SCH |p 005400020803 |q 005400020803 |t BK |v τ.2: |y 0 |z τ.2 | ||
| 852 | |a INST |b RHODES |c KRI |e 20061222 |h 193 SCH |p 005400020804 |q 005400020804 |t BK |v τ.4: |y 0 |z τ.4 | ||
| 853 | |a INST |b RHODES |c KRI |h 193 SCH | ||
| 901 | |a BIBL4-2006-3 | ||
| 909 | |a Ρ |b 123629 | ||
| 909 | |a Ρ |b 123630 | ||
| 909 | |a Ρ |b 123615 | ||
| 909 | |a Ρ |b 123631 | ||
| 909 | |a Ρ |b 123616 | ||
| 909 | |a Ρ |b 123617 | ||
| 970 | |a ΚΟΖΑ |b ΜΑΡΙΑ |z 2006/12/22 | ||